000
00196nam a2200085Ia 4500
008
220204s9999 xx 000 0 und d
082
_a
82-34
_b
FOL
245
0
_a
Folk tales of the Santals
942
_c
BK
999
_c
32473
_d
32473